| 000 | 01081nam a22001817a 4500 | ||
|---|---|---|---|
| 005 | 20230915124057.0 | ||
| 010 | _aB-755786 | ||
| 020 |
_a9788123794266 _c570.00 |
||
| 035 | _aB-755786 | ||
| 082 |
_22021 _a921 _b1 |
||
| 100 |
_aशक्स्पो , वंग्चुक शक्स्पो _956692 |
||
| 245 |
_aएक युग प्रवर्तक भिक्षु / _bकुशल बकुला रिनपोछे एक जीवनी ; _cसोनम वांगचुक शक्स्पो |
||
| 260 |
_aनई दिल्ली _bरास्ट्रीय पुस्तक न्यास , भारत _c2021 |
||
| 270 |
_aनेहरु भवन 5 , वसन्त कुंज इंस्टीट्यूटएरिया , फेज 2, वसंत कुंज _bनई दिल्ली _e110070 |
||
| 300 |
_a545पृ. _b20सेमी (अजिल्द) |
||
| 942 |
_2ddc _cHN _e2021 _h921 _mशक्स्पो |
||
| 999 |
_c198181 _d198181 |
||